000 01314cam a2200373 a 4500
999 _c41537
_d41537
001 16537260
003 OSt
005 20220919153302.0
008 101115s2012 caua b 001 0 eng
010 _a 2010940910
020 _a9781111343620 (student ed.)
020 _a1111343624 (student ed.)
020 _a9781111343651 (cover)
020 _a1111343659 (cover)
020 _a9781111345518 (looseleaf ed.)
020 _a1111345511 (looseleaf ed.)
040 _aDLC
_cDLC
_dDLC
042 _apcc
050 0 0 _aRC454
_b.B345 2012
082 _a616.89
_bBAR/A
100 1 _aBarlow, David H.
_99115
245 1 0 _aAbnormal psychology :
_ban integrative approach /
_cDavid H. Barlow, V. Mark Durand.
250 _a6th ed.
260 _aBelmont, CA :
_bWadsworth, Cengage Learning,
_cc2012.
300 _axxv, 576, 21, 76, 36 p. :
_bcol. ill. ;
_c29 cm.
504 _aIncludes bibliographical references (p. 1-76, 3rd group) and index.
650 0 _aPsychology, Pathological
_vTextbooks.
650 0 _aMental illness
_vTextbooks.
700 1 _aDurand, Vincent Mark.
906 _a7
_bcbc
_corigcop
_d2
_eepcn
_f20
_gy-gencatlg
942 _2ddc
_cBK
_h616.89
_iBAR/A
_k616.89
_mBAR/A